Материаловедение: учебное пособие для вузов

Detalles Bibliográficos
Outros autores: Тарасенко Л. В. Людмила Васильевна, Пахомова С. А. Светлана Альбертовна, Унчикова М. В. Марина Васильевна, Герасимов С. А. Сергей Алексеевич
Summary:Изложены основы материаловедения, закономерности формирования строения материалов при различных технологических процессах: кристаллизации, пластической деформации, термической обработке, поверхностной обработке. Особое внимание уделено фазовым превращениям в твердом состоянии, механизмам упрочнения, являющимся основой для получения заданного комплекса свойств материалов. Конструкционные стали классифицировании по основному свойству (уровень прочности, износостойкости, коррозионной стойкости и т.п.). Сплавы на основе цветных металлов классифицированы по элементам основы. Представлены данные справочного характера, касающиеся области применения широкого круга сплавов, их технологических и эксплуатационных свойств, оптимальных режимов термической обработки.Для студентов технических университетов, обучающихся по машиностроительным направлениям: бакалавров, магистров; специалистов.
Idioma:ruso
Publicado: Москва, Инфра-М, 2012
Series:Высшее образование
Subjects:
Formato: Libro
KOHA link:https://koha.lib.tpu.ru/cgi-bin/koha/opac-detail.pl?biblionumber=218380

MARC

LEADER 00000nam0a2200000 4500
001 218380
005 20231101230206.0
010 |a 9785160048680 
035 |a (RuTPU)RU\TPU\book\238406 
090 |a 218380 
100 |a 20120619d2012 m y0rusy50 ca 
101 0 |a rus 
102 |a RU 
105 |a a j 001zy 
200 1 |a Материаловедение  |e учебное пособие для вузов  |f Л. В. Тарасенко [и др.] 
210 |a Москва  |c Инфра-М  |d 2012 
215 |a 474 с.  |c ил. 
225 1 |a Высшее образование 
320 |a Библиогр.: с. 464-472. 
330 |a Изложены основы материаловедения, закономерности формирования строения материалов при различных технологических процессах: кристаллизации, пластической деформации, термической обработке, поверхностной обработке. Особое внимание уделено фазовым превращениям в твердом состоянии, механизмам упрочнения, являющимся основой для получения заданного комплекса свойств материалов. Конструкционные стали классифицировании по основному свойству (уровень прочности, износостойкости, коррозионной стойкости и т.п.). Сплавы на основе цветных металлов классифицированы по элементам основы. Представлены данные справочного характера, касающиеся области применения широкого круга сплавов, их технологических и эксплуатационных свойств, оптимальных режимов термической обработки.Для студентов технических университетов, обучающихся по машиностроительным направлениям: бакалавров, магистров; специалистов. 
606 1 |a Материаловедение  |2 stltpush  |3 (RuTPU)RU\TPU\subj\41248  |9 61053 
610 1 |a история 
610 1 |a материалы 
610 1 |a свойства 
610 1 |a сплавы 
610 1 |a кристаллическая структура 
610 1 |a пластическая деформация 
610 1 |a возврат 
610 1 |a рекристаллизация 
610 1 |a кристаллизация 
610 1 |a фазовые превращения 
610 1 |a упрочнение 
610 1 |a термическая обработка 
610 1 |a конструкционные материалы 
610 1 |a машиностроительные стали 
610 1 |a чугун 
610 1 |a стали специального назначения 
610 1 |a неметаллические материалы 
610 1 |a инструментальные стали 
610 1 |a учебные пособия 
675 |a 620.22(075.8)  |v 3 
701 1 |a Тарасенко  |b Л. В.  |g Людмила Васильевна 
701 1 |a Пахомова  |b С. А.  |g Светлана Альбертовна 
701 1 |a Унчикова  |b М. В.  |g Марина Васильевна 
701 1 |a Герасимов  |b С. А.  |g Сергей Алексеевич 
801 1 |a RU  |b 63413507  |c 20120619 
801 2 |a RU  |b 63413507  |c 20200824  |g RCR 
900 |a Материаловедение 
942 |c BK 
951 |b 150700 
955 |l 8 
959 |a 82/20120524  |d 5  |e 364,90  |f ЧЗТЛ:1  |f АНЛ:1  |f УФ:3